| 000 | 01062nam a2200229 a 4500 | ||
|---|---|---|---|
| 003 | DO-SdBNP | ||
| 005 | 20220801091455.0 | ||
| 007 | ta | ||
| 008 | 220729e2007 dr ad||fr|||| 001 0 spa d | ||
| 040 |
_aDO-SdBNP _bspa _cBNPHU |
||
| 082 | 4 |
_222 _bM294g |
|
| 245 | 0 | 0 | _aManual de Gestión para los Centros de atención integral de adolescentes en conflicto con la Ley. / |
| 260 |
_aSanto Domingo : _bPARME, _c2007 |
||
| 300 |
_a175 p. : _bil., gráf. ; _c28 cm. |
||
| 505 |
_aPresentación _tMarco Jurídico para los Centros de Atención Integral.-- _tJusticia Penal de la Persona Adolescente.-- _tReglamento de Régimen Interior para el Personal de los Centros de Atención Integral.-- _tAnexos. |
||
| 590 | _aInventariado 2022 / MF | ||
| 650 | 4 |
_952277 _aAadministración de Justicia Penal _xRepública Dominicana |
|
| 650 | 4 |
_917169 _aAdministración de Justicia Penal para Menores _xLegislación _zRepública Dominicana |
|
| 710 | 2 |
_916047 _aPrograma de Apoyo a la Reforma y Modernización del Estado (República Dominicana) |
|
| 910 | _aMFeliz | ||
| 942 |
_2ddc _cLBS1 |
||
| 999 |
_c52251 _d52251 |
||